000
00241 a2200097 4500
001
48762
100
_a
Gamba
245
_a
Industrial energy rationalization in developing countries
260
_a
London
_b
World Bank
_c
090
_c
31663
_d
31663
942
_a
NUST-CAE
_c
M
_c
24073
999
_c
283835
_d
283835